[Event "GER-chT U12 Girls"]
[Site "Magdeburg"]
[Date "2023.12.28"]
[Round "3.9"]
[White "Khachaturyan, Viktoria"]
[Black "Korwitz, Pauline"]
[Result "0-1"]
[WhiteElo "987"]
[BlackElo "1219"]
[PlyCount "100"]
[EventDate "2023.12.26"]
[EventType "team-swiss"]
[EventRounds "7"]
[EventCountry "GER"]
[SourceTitle "CB03_2024"]
[SourceDate "2024.01.17"]
[SourceVersion "1"]
[SourceVersionDate "2024.01.17"]
[SourceQuality "1"]
[WhiteTeam "Karlsruhe SF"]
[BlackTeam "Dresden TU"]
[WhiteTeamCountry "GER"]
[BlackTeamCountry "GER"]

1. e4 c5 2. d4 cxd4 3. Qxd4 Nc6 4. Qc4 e6 5. Bf4 Nf6 6. Nc3 Bb4 7. 0-0-0 0-0 8. a3 Bxc3 9. Qxc3 Nxe4 10. Qe3 d5 11. Bd3 Nf6 12. Qg3 Ne8 13. Qh3 f5 14. Nf3 Nf6 15. Bg5 h6 16. Bxh6 gxh6 17. Qxh6 Qe7 18. Rhe1 Qg7 19. Qh4 Qg4 20. Qh6 Qh5 21. Qf4 Qf7 22. Re3 Ne4 23. Bxe4 fxe4 24. Qg5+ Qg7 25. Qh5 exf3 26. Rdd3 fxg2 27. Rg3 g1Q+ 28. Rd1 Q1xg3 29. hxg3 Rxf2 30. Rh1 Nd4 31. Rh4 Rf1+ 32. Kd2 Nf3+ 33. Ke2 Nxh4 34. Kxf1 Qf6+ 35. Kg1 Qd4+ 36. Kh2 Qf2+ 37. Kh3 e5+ 38. Kxh4 Qh2+ 39. Kg5 Qxh5+ 40. Kxh5 Kg7 41. Kg5 Bd7 42. g4 Bxg4 43. Kxg4 Rf8 44. Kg3 e4 45. b4 e3 46. a4 e2 47. b5 e1Q+ 48. Kg2 Qf2+ 49. Kh3 Qg1 50. b6 Rh8# 0-1

[Event "GER-chT U12 Girls"]
[Site "Berlin"]
[Date "2022.12.29"]
[Round "6.8"]
[White "Khachaturyan, Viktoria"]
[Black "Werner, Amelie"]
[Result "0-1"]
[WhiteElo "874"]
[BlackElo "872"]
[PlyCount "98"]
[EventDate "2022.12.26"]
[EventType "team-swiss"]
[EventRounds "7"]
[EventCountry "GER"]
[SourceTitle "EXT 2024"]
[Source "ChessBase"]
[SourceDate "2023.10.10"]
[SourceVersion "1"]
[SourceVersionDate "2023.10.10"]
[SourceQuality "1"]
[WhiteTeam "Karlsruhe"]
[BlackTeam "Garching II"]
[WhiteTeamCountry "GER"]
[BlackTeamCountry "GER"]

1. e4 e6 2. Nc3 d5 3. exd5 exd5 4. Nf3 Nf6 5. Be2 Bc5 6. d4 Bb4 7. 0-0 0-0 8. Bg5 h6 9. Bxf6 Qxf6 10. Ne5 Nd7 11. a3 Bd6 12. Nxd5 Qg5 13. f4 Qd8 14. Bh5 Nxe5 15. fxe5 Be7 16. Qf3 Be6 17. Nf6+ Bxf6 18. exf6 Qxf6 19. Qxf6 gxf6 20. Rxf6 Rfd8 21. Rxh6 Rxd4 22. Re1 Re8 23. Re5 Kg7 24. Bxf7 Bxf7 25. Rxe8 Bxe8 26. Rh3 Bd7 27. Rg3+ Rg4 28. Rc3 Bc6 29. h3 Rxg2+ 30. Kf1 Rg5 31. h4 Rg4 32. h5 Rh4 33. Rc5 Kh6 34. Ke2 Rxh5 35. Rxh5+ Kxh5 36. c3 Kg5 37. Kd3 Kf5 38. Kd4 Ke6 39. b4 b6 40. a4 Bxa4 41. c4 a5 42. c5 axb4 43. cxb6 cxb6 44. Kc4 b3 45. Kc3 Kd5 46. Kb4 b2 47. Kxa4 b1Q 48. Ka3 Kc4 49. Ka4 Qb4# 0-1